000 00391nam a2200145Ia 4500
008 231217s9999 xx 000 0 und d
041 _aEnglish
082 _a001.535 PAT
100 _aPatterson, Dan W
245 0 _aIntroduction to artificial intelligence and expert systems
260 _c1990
_bNew Delhi : PHI,
300 _axv+448
650 _aArtifical intelligence
942 _cAA
999 _c165113
_d165113